2026 World Baseball Classic Teams - Statistics

General Stats
  • This quiz has been taken 91 times
  • The average score is 17 of 20
Answer Stats
Hint Answer % Correct
United States
100%
Japan
96%
Mexico
96%
Pool D Dominican Republic
93%
Italy
92%
Great Britain
91%
Korea
91%
Venezuela
91%
Pool A Canada
87%
Pool B Brazil
84%
Cuba
82%
Pool C Australia
79%
Puerto Rico
79%
Chinese Taipei
78%
Israel
75%
Panama
75%
Colombia
74%
Netherlands
70%
Nicaragua
70%
Czechia
64%
No matching quizzes found
Score Distribution
Percent of People with Each Score
Percentile by Number Answered
Your Score History
You have not taken this quiz